Statistics for Guess the Taylor Swift Song (no hints) 25

Click here to take the quiz!

General Stats

  • This quiz has been taken 123 times
  • The average score is 283 of 337

Answer Stats

Answer% Correct
a
100%
and
100%
And
100%
I
100%
me,
98%
me
98%
The
98%
the
98%
you
98%
You
98%
it
97%
It
97%
my
97%
I'm
96%
in
96%
No
96%
we
96%
be
95%
On
95%
your
95%
you're
95%
is
94%
that
94%
was
94%
then
93%
to
93%
To
93%
do
92%
love
91%
were
91%
at
89%
ever
89%
If
89%
if
89%
like
89%
mine
89%
Of
89%
of
89%
as
88%
I've
87%
by
86%
So
86%
What
86%
all
85%
This
85%
this
85%
had
84%
now
84%
time
84%
time,
84%
been
83%
first
83%
one
83%
saw
83%
up
83%
'Cause
82%
'cause
82%
with
82%
just
81%
night
81%
knew
80%
see
80%
them
80%
told
80%
for
79%
mastermind
79%
mastermind?
79%
make
77%
did
76%
Once
76%
wanted
76%
upon
75%
lit
74%
none
74%
gonna
73%
little
73%
way
73%
kid
72%
plan,
72%
plan
72%
play
72%
accidental
71%
design
71%
nothing
71%
same
71%
body
69%
criminal
69%
every
69%
only
69%
our
69%
since
69%
stars
69%
line
68%
clockwork
67%
couldn't
67%
dominoes
67%
room
67%
stop
67%
cascaded
66%
face,
66%
fail
66%
scheming
66%
seem
66%
entire
65%
felt
65%
Yeah,
65%
aligned
64%
effortless
64%
groundwork
64%
need
64%
smile
64%
born
63%
care
63%
ended
63%
confess
62%
laid
62%
women
62%
lose
61%
smirk
61%
Checkmate,
60%
cryptic
59%
free
59%
lover's
59%
swear
59%
cocktails
58%
hand
58%
planets
58%
reaction
58%
fuse
57%
chain
56%
equation
56%
wisest
56%
game
55%
liquor
55%
Strategy
55%
touch
55%
wide
54%
wind
52%
assess
49%
countermoves
48%
pawn
48%
sails
48%
Machiavellian
47%
sets
47%
scene
46%
tale
46%
flowing
45%
fates
39%

Score Distribution

Percentile by Number Answered

Percent of People with Each Score

Your Score History

You have not taken this quiz